Networks : The proceeding of the Joint international conference on wireless LANs and home networks ( ICWLHN 2002 ) and networking ( ICN 2002 ) : Atlanta, USA, 26-29 August 2002

Proceedings of the Joint Intl Conference on Wireless LANs and Home Networks and Networking, held August 26-29, 2002. Covers a wide variety of technical sessions covering all aspects of networking technology. For graduate students, researchers and academics in networking and electrical and electronic...

Deskribapen osoa

Gorde:
Xehetasun bibliografikoak
Formatua: Liburua
Hizkuntza:Undetermined
Argitaratua: New Jersey World Scientific 2002
Gaiak:
Etiketak: Etiketa erantsi
Etiketarik gabe, Izan zaitez lehena erregistro honi etiketa jartzen!
Thư viện lưu trữ: Trung tâm Học liệu Trường Đại học Cần Thơ
LEADER 01036nam a2200217Ia 4500
001 CTU_156880
008 210402s9999 xx 000 0 und d
020 |c 216 
082 |a 004.6 
082 |b N469 
245 0 |a Networks : 
245 4 |b The proceeding of the Joint international conference on wireless LANs and home networks ( ICWLHN 2002 ) and networking ( ICN 2002 ) : Atlanta, USA, 26-29 August 2002 
245 0 |c Editors Benny Bing, Pascal Lorenz 
260 |a New Jersey 
260 |b World Scientific 
260 |c 2002 
520 |a Proceedings of the Joint Intl Conference on Wireless LANs and Home Networks and Networking, held August 26-29, 2002. Covers a wide variety of technical sessions covering all aspects of networking technology. For graduate students, researchers and academics in networking and electrical and electronic engineering. 
650 |a Computer networks,Mạng máy tính 
650 |x Congresses,Hội thảo 
904 |i QHieu 
980 |a Trung tâm Học liệu Trường Đại học Cần Thơ